Cu Ţara Într - un glas
| Format: | Book |
|---|---|
| Language: | Undetermined |
| PhysicalDescription: | 120 s. |
| Published: |
Bucureşti
Eminescu
1981
|
| Edition: | 1. vyd. |
MARC
| LEADER | 00000nam a2200000 a 4500 | ||
|---|---|---|---|
| 001 | vtls001466576 | ||
| 003 | SK-MaSNL | ||
| 005 | 20260224043728.0 | ||
| 008 | 210928s1981 xx 0 und | ||
| 035 | |a SNK000421881 | ||
| 040 | |a SNK |b slo |c SNK |e AACR2 | ||
| 245 | 1 | |a Cu Ţara Într - un glas | |
| 250 | |a 1. vyd. | ||
| 260 | |a Bucureşti |b Eminescu |c 1981 | ||
| 300 | |a 120 s. | ||
| 958 | |a OND | ||
| 999 | |c 849413 |d 851343 | ||
| 952 | |t P60, <04>, [BOOK], {604} |a SNK |b SNK |y VYP |7 0 |p 17A0409892 |o snkIC 88720 |i snkV 2286/82 |0 0 |1 0 |4 0 |d 2004-01-19 |l 0 |r 2005-01-02 00:00:00 |w 2026-02-24 | ||


